Statistics for Rainforest Animals by Picture

Click here to take the quiz!

General Stats

  • This quiz has been taken 657 times
    (617 since last reset)
  • The average score is 11 of 18

Answer Stats

Answer% Correct
Gorilla
95%
Jaguar
91%
Toucan
90%
Toucan
90%
Orangutan
89%
Sloth
88%
Capybara
81%
Tapir
72%
Scarlet Macaw
70%
Lemur
66%
Okapi
59%
Caiman
51%
Spider Monkey
45%
Bonobo
43%
Coati
36%
Harpy Eagle
34%
Giant Otter
26%
Glass Frog
19%

Score Distribution

Percentile by Number Answered

Percent of People with Each Score

Your Score History

You have not taken this quiz since the last reset